[Event "DEM U10w 2024"]
[Site "Willingen GER"]
[Date "2024.05.21"]
[Round "5"]
[White "Kühn, Nicole"]
[Black "Vignesh, Sara"]
[Result "1-0"]
[Termination "normal"]
[Board "7"]
[WhiteElo "1477"]
[BlackElo "1136"]
[WhiteClock "00:18:35"]
[BlackClock "00:48:34"]
[PlyCount "125"]
[WhiteFideId "34610510"]
[BlackFideId "34674756"]
[EventCountry "GER"]
[EventRounds "11"]
[EventType "swiss"]
[EventDate "2024.05.18"]

1. e4 {[%clk 01:15:24]} {[%emt 00:00:35]} c6 {[%clk 01:15:44]} {[%emt
00:00:17]} 2. d4 {[%clk 01:14:26]} {[%emt 00:01:27]} d5 {[%clk 01:16:09]}
{[%emt 00:00:06]} 3. exd5 {[%clk 01:13:24]} {[%emt 00:01:31]} cxd5 {[%clk
01:16:30]} {[%emt 00:00:08]} 4. Bd3 {[%clk 01:12:22]} {[%emt 00:01:31]} Nc6
{[%clk 01:16:35]} {[%emt 00:00:26]} 5. c3 {[%clk 01:11:18]} {[%emt 00:01:35]}
Nf6 {[%clk 01:16:08]} {[%emt 00:00:57]} 6. h3 {[%clk 01:10:19]} {[%emt
00:01:29]} g6 {[%clk 01:16:13]} {[%emt 00:00:25]} 7. Nf3 {[%clk 01:05:16]}
{[%emt 00:05:33]} Bf5 {[%clk 01:15:43]} {[%emt 00:01:00]} 8. O-O {[%clk
01:03:22]} {[%emt 00:02:25]} Bxd3 {[%clk 01:15:43]} {[%emt 00:00:30]} 9. Qxd3
{[%clk 01:02:59]} {[%emt 00:00:52]} Bg7 {[%clk 01:13:51]} {[%emt 00:02:22]} 10.
Re1 {[%clk 01:01:45]} {[%emt 00:01:45]} O-O {[%clk 01:12:36]} {[%emt 00:01:45]}
11. Nbd2 {[%clk 00:59:59]} {[%emt 00:02:16]} Re8 {[%clk 01:09:33]} {[%emt
00:03:31]} 12. Ne5 {[%clk 00:50:41]} {[%emt 00:09:50]} e6 {[%clk 01:05:39]}
{[%emt 00:04:24]} 13. f4 {[%clk 00:47:30]} {[%emt 00:03:41]} Qb6 {[%clk
00:59:50]} {[%emt 00:06:19]} 14. Kh1 {[%clk 00:44:05]} {[%emt 00:03:55]} Rac8
{[%clk 00:58:15]} {[%emt 00:02:05]} 15. Ndf3 {[%clk 00:40:13]} {[%emt
00:04:22]} Ne4 {[%clk 00:56:28]} {[%emt 00:02:17]} 16. Qc2 {[%clk 00:36:38]}
{[%emt 00:04:05]} Nxd4 {[%clk 00:52:54]} {[%emt 00:04:05]} 17. Nxd4 {[%clk
00:34:07]} {[%emt 00:03:01]} Qxd4 {[%clk 00:52:49]} {[%emt 00:00:34]} 18. Be3
{[%clk 00:33:26]} {[%emt 00:01:12]} Ng3+ {[%clk 00:51:44]} {[%emt 00:01:35]}
19. Kh2 {[%clk 00:31:09]} {[%emt 00:02:47]} Qe4 {[%clk 00:51:32]} {[%emt
00:00:39]} 20. Qf2 {[%clk 00:29:44]} {[%emt 00:01:58]} Nh5 {[%clk 00:50:20]}
{[%emt 00:01:41]} 21. g4 {[%clk 00:28:35]} {[%emt 00:01:40]} Nf6 {[%clk
00:49:04]} {[%emt 00:01:45]} 22. Bd4 {[%clk 00:28:06]} {[%emt 00:01:01]} Qxd4
{[%clk 00:45:21]} {[%emt 00:04:13]} 23. Qxd4 {[%clk 00:27:17]} {[%emt
00:01:19]} a6 {[%clk 00:45:20]} {[%emt 00:00:31]} 24. Qa4 {[%clk 00:25:24]}
{[%emt 00:02:23]} Ne4 {[%clk 00:44:47]} {[%emt 00:01:02]} 25. Qd7 {[%clk
00:24:27]} {[%emt 00:01:27]} Rf8 {[%clk 00:43:40]} {[%emt 00:01:34]} 26. Rxe4
{[%emt 00:01:27]} dxe4 {[%clk 00:43:44]} {[%emt 00:00:15]} 27. Qd4 {[%clk
00:22:30]} {[%emt 00:01:41]} Rcd8 {[%clk 00:43:37]} {[%emt 00:00:37]} 28. Qxe4
{[%clk 00:21:44]} {[%emt 00:01:19]} Rd2+ {[%clk 00:43:49]} {[%emt 00:00:18]}
29. Kh1 {[%clk 00:21:01]} {[%emt 00:01:11]} Rxb2 {[%clk 00:43:48]} {[%emt
00:00:31]} 30. Rb1 {[%clk 00:20:39]} {[%emt 00:00:53]} Rxa2 {[%clk 00:43:56]}
{[%emt 00:00:22]} 31. Qxb7 {[%clk 00:20:15]} {[%emt 00:00:54]} Bxe5 {[%clk
00:43:46]} {[%emt 00:00:39]} 32. fxe5 {[%clk 00:20:14]} {[%emt 00:00:33]} Rd8
{[%clk 00:43:59]} {[%emt 00:00:15]} 33. Rb2 {[%clk 00:19:14]} {[%emt 00:01:32]}
Rd1+ {[%clk 00:44:02]} {[%emt 00:00:26]} 34. Kg2 {[%clk 00:19:21]} {[%emt
00:00:23]} Rd2+ {[%clk 00:43:57]} {[%emt 00:00:37]} 35. Rxd2 {[%clk 00:19:28]}
{[%emt 00:00:22]} Rxd2+ {[%clk 00:44:19]} {[%emt 00:00:08]} 36. Kg3 {[%clk
00:19:06]} {[%emt 00:00:53]} Rd3+ {[%clk 00:44:33]} {[%emt 00:00:15]} 37. Kh4
{[%clk 00:19:05]} {[%emt 00:00:31]} h6 {[%clk 00:44:27]} {[%emt 00:00:37]} 38.
g5 {[%clk 00:17:24]} {[%emt 00:02:11]} hxg5+ {[%clk 00:44:10]} {[%emt
00:00:46]} 39. Kxg5 {[%clk 00:17:39]} {[%emt 00:00:14]} Rg3+ {[%clk 00:44:26]}
{[%emt 00:00:14]} 40. Kf6 {[%clk 00:17:49]} {[%emt 00:00:21]} Rf3+ {[%clk
00:44:39]} {[%emt 00:00:17]} 41. Ke7 {[%clk 00:18:04]} {[%emt 00:00:15]} Rxc3
{[%clk 00:44:18]} {[%emt 00:00:51]} 42. Qxa6 {[%clk 00:18:10]} {[%emt
00:00:24]} Rc7+ {[%clk 00:44:27]} {[%emt 00:00:19]} 43. Kf6 {[%clk 00:18:23]}
{[%emt 00:00:19]} Rc3 {[%clk 00:44:34]} {[%emt 00:00:22]} 44. Qf1 {[%clk
00:18:16]} {[%emt 00:00:38]} Rb3 {[%clk 00:44:23]} {[%emt 00:00:38]} 45. Qg2
{[%clk 00:18:20]} {[%emt 00:00:29]} Rc3 {[%clk 00:44:32]} {[%emt 00:00:21]} 46.
h4 {[%clk 00:18:34]} {[%emt 00:00:16]} Rc4 {[%clk 00:44:40]} {[%emt 00:00:20]}
47. Qg5 {[%clk 00:18:32]} {[%emt 00:00:31]} Rc2 {[%clk 00:44:56]} {[%emt
00:00:14]} 48. Qg3 {[%clk 00:18:02]} {[%emt 00:01:02]} Rc1 {[%clk 00:45:11]}
{[%emt 00:00:15]} 49. h5 {[%clk 00:18:04]} {[%emt 00:00:29]} Rf1+ {[%clk
00:45:26]} {[%emt 00:00:15]} 50. Ke7 {[%clk 00:18:20]} {[%emt 00:00:14]} Rc1
{[%clk 00:45:16]} {[%emt 00:00:39]} 51. hxg6 {[%clk 00:18:36]} {[%emt
00:00:15]} Rc7+ {[%clk 00:45:26]} {[%emt 00:00:17]} 52. Kf6 {[%clk 00:18:49]}
{[%emt 00:00:20]} fxg6 {[%clk 00:45:39]} {[%emt 00:00:17]} 53. Qxg6+ {[%clk
00:19:03]} {[%emt 00:00:16]} Kf8 {[%clk 00:45:53]} {[%emt 00:00:14]} 54. Qh5
{[%clk 00:18:13]} {[%emt 00:01:15]} Kg8 {[%clk 00:46:04]} {[%emt 00:00:24]} 55.
Qe8+ {[%clk 00:17:31]} {[%emt 00:01:13]} Kh7 {[%clk 00:46:19]} {[%emt
00:00:15]} 56. Qxe6 {[%clk 00:17:31]} {[%emt 00:00:31]} Rg7 {[%clk 00:46:33]}
{[%emt 00:00:13]} 57. Qf7 {[%clk 00:17:13]} {[%emt 00:00:51]} Rxf7+ {[%clk
00:46:38]} {[%emt 00:00:26]} 58. Kxf7 {[%clk 00:17:37]} {[%emt 00:00:07]} Kh8
{[%clk 00:47:01]} {[%emt 00:00:06]} 59. e6 {[%clk 00:17:57]} {[%emt 00:00:10]}
Kh7 {[%clk 00:47:26]} {[%emt 00:00:04]} 60. e7 {[%clk 00:18:11]} {[%emt
00:00:17]} Kh8 {[%clk 00:47:52]} {[%emt 00:00:04]} 61. e8=Q+ {[%clk 00:18:29]}
{[%emt 00:00:11]} Kh7 {[%clk 00:48:10]} {[%emt 00:00:11]} 62. Qg8 {[%clk
00:18:35]} {[%emt 00:00:25]} Kh6 {[%clk 00:48:34]} {[%emt 00:00:07]} 63. Qg6+
{[%emt 00:00:06]} 1-0

[Event "DEM U10w 2024"]
[Site "Willingen GER"]
[Date "2024.05.21"]
[Round "5"]
[White "Hendler, Felicitas"]
[Black "Müller, Greta Waltraud"]
[Result "1/2-1/2"]
[Termination "normal"]
[Board "8"]
[WhiteElo "1645"]
[BlackElo "1224"]
[WhiteClock "00:27:02"]
[BlackClock "00:54:35"]
[PlyCount "71"]
[WhiteFideId "34616519"]
[EventCountry "GER"]
[EventRounds "11"]
[EventType "swiss"]
[EventDate "2024.05.18"]

1. e4 {[%clk 01:15:53]} {[%emt 00:00:05]} e5 {[%clk 01:15:57]} {[%emt
00:00:04]} 2. f4 {[%clk 01:16:06]} {[%emt 00:00:17]} d5 {[%clk 01:16:20]}
{[%emt 00:00:08]} 3. exd5 {[%clk 01:15:59]} {[%emt 00:00:36]} e4 {[%clk
01:16:42]} {[%emt 00:00:08]} 4. d3 {[%clk 01:15:33]} {[%emt 00:00:56]} exd3
{[%clk 01:16:47]} {[%emt 00:00:25]} 5. Bxd3 {[%clk 01:09:42]} {[%emt 00:06:22]}
Qxd5 {[%clk 01:15:25]} {[%emt 00:01:50]} 6. Qe2+ {[%clk 01:06:25]} {[%emt
00:03:48]} Qe6 {[%clk 01:13:40]} {[%emt 00:02:15]} 7. Qxe6+ {[%clk 01:03:25]}
{[%emt 00:03:29]} Bxe6 {[%clk 01:13:51]} {[%emt 00:00:19]} 8. Nf3 {[%clk
01:02:50]} {[%emt 00:01:05]} Bc5 {[%clk 01:13:38]} {[%emt 00:00:42]} 9. Nc3
{[%clk 01:00:10]} {[%emt 00:03:12]} Nf6 {[%clk 01:11:56]} {[%emt 00:02:11]} 10.
Bd2 {[%clk 00:58:04]} {[%emt 00:02:36]} Ng4 {[%clk 01:10:59]} {[%emt 00:01:26]}
11. Ne4 {[%clk 00:53:34]} {[%emt 00:05:02]} Bb6 {[%clk 01:10:22]} {[%emt
00:01:02]} 12. h3 {[%clk 00:52:17]} {[%emt 00:01:51]} Nf6 {[%clk 01:09:49]}
{[%emt 00:01:02]} 13. Nxf6+ {[%clk 00:51:53]} {[%emt 00:00:56]} gxf6 {[%emt
00:00:16]} 14. O-O-O {[%clk 00:51:05]} {[%emt 00:01:13]} Bxa2 {[%clk 01:10:08]}
{[%emt 00:00:31]} 15. b3 {[%clk 00:50:35]} {[%emt 00:01:00]} Bxb3 {[%clk
01:06:11]} {[%emt 00:04:26]} 16. cxb3 {[%clk 00:50:22]} {[%emt 00:00:42]} Nc6
{[%clk 01:06:05]} {[%emt 00:00:37]} 17. Rhe1+ {[%clk 00:49:42]} {[%emt
00:01:09]} Kf8 {[%clk 01:05:31]} {[%emt 00:01:03]} 18. Bc3 {[%clk 00:47:13]}
{[%emt 00:03:00]} Kg7 {[%clk 01:04:51]} {[%emt 00:01:09]} 19. Bc4 {[%clk
00:46:57]} {[%emt 00:00:47]} Bf2 {[%clk 01:03:27]} {[%emt 00:01:48]} 20. Re2
{[%clk 00:45:29]} {[%emt 00:02:03]} Bg3 {[%clk 01:03:41]} {[%emt 00:00:13]} 21.
Rd7 {[%clk 00:43:28]} {[%emt 00:02:34]} Bxf4+ {[%clk 01:03:15]} {[%emt
00:00:57]} 22. Bd2 {[%clk 00:42:19]} {[%emt 00:01:39]} Bxd2+ {[%clk 01:02:47]}
{[%emt 00:00:58]} 23. Kxd2 {[%clk 00:42:03]} {[%emt 00:00:46]} Rad8 {[%clk
01:02:10]} {[%emt 00:01:06]} 24. Rxd8 {[%clk 00:41:39]} {[%emt 00:00:55]} Rxd8+
{[%clk 01:02:33]} {[%emt 00:00:08]} 25. Kc2 {[%clk 00:40:22]} {[%emt 00:01:46]}
f5 {[%clk 00:59:34]} {[%emt 00:03:30]} 26. Rd2 {[%clk 00:39:33]} {[%emt
00:01:18]} Rxd2+ {[%clk 00:59:10]} {[%emt 00:00:55]} 27. Kxd2 {[%clk 00:39:53]}
{[%emt 00:00:09]} Na5 {[%clk 00:59:00]} {[%emt 00:00:33]} 28. Kd3 {[%clk
00:39:27]} {[%emt 00:01:02]} Nxc4 {[%clk 00:58:40]} {[%emt 00:00:51]} 29. Kxc4
{[%clk 00:39:47]} {[%emt 00:00:10]} Kf6 {[%clk 00:59:00]} {[%emt 00:00:08]} 30.
Kd5 {[%clk 00:39:33]} {[%emt 00:00:44]} Ke7 {[%clk 00:58:26]} {[%emt 00:01:02]}
31. Nd4 {[%clk 00:39:17]} {[%emt 00:00:48]} Kf6 {[%clk 00:56:18]} {[%emt
00:02:38]} 32. Nf3 {[%clk 00:34:35]} {[%emt 00:05:12]} Ke7 {[%clk 00:56:25]}
{[%emt 00:00:22]} 33. Ne5 {[%clk 00:28:54]} {[%emt 00:06:12]} c6+ {[%clk
00:55:26]} {[%emt 00:01:28]} 34. Kd4 {[%clk 00:29:08]} {[%emt 00:00:17]} f6
{[%clk 00:55:11]} {[%emt 00:00:45]} 35. Nd3 {[%clk 00:28:52]} {[%emt 00:00:46]}
b6 {[%clk 00:54:35]} {[%emt 00:01:06]} 36. b4 {[%clk 00:27:02]} {[%emt
00:02:19]} 1/2-1/2

[Event "DEM U10w 2024"]
[Site "Willingen GER"]
[Date "2024.05.21"]
[Round "5"]
[White "Rhein, Linnea"]
[Black "Goyush, Shams"]
[Result "1/2-1/2"]
[Termination "normal"]
[Board "9"]
[WhiteElo "1133"]
[BlackElo "996"]
[WhiteClock "00:08:58"]
[BlackClock "00:50:59"]
[PlyCount "120"]
[WhiteFideId "34649018"]
[EventCountry "GER"]
[EventRounds "11"]
[EventType "swiss"]
[EventDate "2024.05.18"]

1. d4 {[%clk 01:15:58]} {[%emt 00:00:01]} d5 {[%clk 01:15:52]} {[%emt
00:00:08]} 2. Bf4 {[%clk 01:16:21]} {[%emt 00:00:07]} c5 {[%clk 01:16:11]}
{[%emt 00:00:11]} 3. c3 {[%clk 01:16:19]} {[%emt 00:00:32]} cxd4 {[%clk
01:16:15]} {[%emt 00:00:26]} 4. cxd4 {[%clk 01:16:31]} {[%emt 00:00:18]} Nc6
{[%clk 01:16:21]} {[%emt 00:00:24]} 5. e3 {[%clk 01:16:36]} {[%emt 00:00:25]}
Nf6 {[%clk 01:16:30]} {[%emt 00:00:20]} 6. Nf3 {[%clk 01:16:40]} {[%emt
00:00:27]} g6 {[%clk 01:16:45]} {[%emt 00:00:16]} 7. Nc3 {[%clk 01:15:17]}
{[%emt 00:01:53]} Bg7 {[%clk 01:16:53]} {[%emt 00:00:20]} 8. Be2 {[%clk
01:13:14]} {[%emt 00:02:34]} O-O {[%clk 01:16:47]} {[%emt 00:00:37]} 9. O-O
{[%clk 01:13:01]} {[%emt 00:00:42]} Nh5 {[%clk 01:17:04]} {[%emt 00:00:12]} 10.
Bg3 {[%clk 01:12:13]} {[%emt 00:01:19]} f6 {[%clk 01:16:49]} {[%emt 00:00:45]}
11. Rc1 {[%clk 01:10:38]} {[%emt 00:02:05]} Nxg3 {[%clk 01:16:41]} {[%emt
00:00:38]} 12. hxg3 {[%clk 01:10:43]} {[%emt 00:00:26]} e5 {[%clk 01:16:56]}
{[%emt 00:00:14]} 13. dxe5 {[%clk 01:09:44]} {[%emt 00:01:29]} fxe5 {[%clk
01:17:04]} {[%emt 00:00:22]} 14. Nxd5 {[%clk 01:08:12]} {[%emt 00:02:03]} Be6
{[%clk 01:16:15]} {[%emt 00:01:19]} 15. e4 {[%clk 01:06:43]} {[%emt 00:01:59]}
Qa5 {[%clk 01:14:23]} {[%emt 00:02:21]} 16. Qb3 {[%clk 01:01:20]} {[%emt
00:05:53]} Nd4 {[%clk 01:11:31]} {[%emt 00:03:23]} 17. Nxd4 {[%clk 00:57:23]}
{[%emt 00:04:26]} Bxd5 {[%clk 01:05:36]} {[%emt 00:06:22]} 18. exd5 {[%clk
00:55:29]} {[%emt 00:02:27]} exd4 {[%clk 01:05:33]} {[%emt 00:00:33]} 19. d6+
{[%clk 00:55:27]} {[%emt 00:00:32]} Kh8 {[%clk 01:05:24]} {[%emt 00:00:36]} 20.
d7 {[%clk 00:51:12]} {[%emt 00:04:48]} Rfd8 {[%clk 01:04:39]} {[%emt 00:01:14]}
21. Qxb7 {[%clk 00:48:40]} {[%emt 00:03:03]} Rab8 {[%clk 01:03:26]} {[%emt
00:01:42]} 22. Qc7 {[%clk 00:42:54]} {[%emt 00:06:12]} Qxc7 {[%clk 01:00:49]}
{[%emt 00:03:13]} 23. Rxc7 {[%clk 00:42:51]} {[%emt 00:00:33]} a5 {[%clk
00:59:38]} {[%emt 00:01:37]} 24. Rfc1 {[%clk 00:42:11]} {[%emt 00:01:04]} Bf6
{[%clk 00:59:18]} {[%emt 00:00:57]} 25. Rc8 {[%clk 00:39:31]} {[%emt 00:03:12]}
Kg7 {[%clk 00:57:56]} {[%emt 00:01:52]} 26. Rxb8 {[%clk 00:39:22]} {[%emt
00:00:40]} Rxb8 {[%clk 00:57:47]} {[%emt 00:00:38]} 27. Rc8 {[%clk 00:38:02]}
{[%emt 00:01:49]} Rxb2 {[%emt 00:00:36]} 28. Bf3 {[%emt 00:03:11]} Rxa2 {[%clk
00:52:44]} {[%emt 00:01:48]} 29. d8=Q {[%clk 00:38:11]} {[%emt 00:00:20]} Bxd8
{[%clk 00:52:58]} {[%emt 00:00:15]} 30. Rxd8 {[%clk 00:38:15]} {[%emt
00:00:27]} Rd2 {[%clk 00:52:38]} {[%emt 00:00:49]} 31. Kf1 {[%clk 00:37:42]}
{[%emt 00:01:00]} a4 {[%clk 00:52:31]} {[%emt 00:00:39]} 32. Ke1 {[%clk
00:37:07]} {[%emt 00:00:35]} Rb2 {[%clk 00:52:16]} {[%emt 00:01:14]} 33. Rxd4
{[%clk 00:35:23]} {[%emt 00:02:16]} a3 {[%clk 00:51:02]} {[%emt 00:01:44]} 34.
Bd5 {[%clk 00:35:03]} {[%emt 00:00:45]} a2 {[%clk 00:50:45]} {[%emt 00:00:53]}
35. Bxa2 {[%clk 00:22:22]} {[%emt 00:13:11]} Rxa2 {[%clk 00:51:07]} {[%emt
00:00:08]} 36. g4 {[%clk 00:22:44]} {[%emt 00:00:09]} Kf6 {[%clk 00:51:28]}
{[%emt 00:00:08]} 37. Rd5 {[%clk 00:21:41]} {[%emt 00:01:30]} Ra4 {[%clk
00:51:20]} {[%emt 00:00:41]} 38. f3 {[%clk 00:21:47]} {[%emt 00:00:21]} Ra2
{[%clk 00:51:33]} {[%emt 00:00:20]} 39. Kf1 {[%clk 00:20:44]} {[%emt 00:01:30]}
h6 {[%clk 00:50:49]} {[%emt 00:01:15]} 40. Kg1 {[%clk 00:17:39]} {[%emt
00:03:33]} Ra6 {[%clk 00:50:45]} {[%emt 00:00:37]} 41. Kh2 {[%clk 00:16:47]}
{[%emt 00:01:14]} Ke6 {[%clk 00:50:32]} {[%emt 00:00:51]} 42. Rb5 {[%clk
00:16:34]} {[%emt 00:00:42]} Rd6 {[%clk 00:50:30]} {[%emt 00:00:35]} 43. g5
{[%clk 00:15:14]} {[%emt 00:01:49]} h5 {[%clk 00:50:04]} {[%emt 00:00:55]} 44.
Kh3 {[%clk 00:14:17]} {[%emt 00:01:09]} Rd5 {[%clk 00:50:12]} {[%emt 00:00:39]}
45. Rxd5 {[%clk 00:14:06]} {[%emt 00:00:44]} Kxd5 {[%clk 00:50:25]} {[%emt
00:00:17]} 46. g4 {[%clk 00:14:21]} {[%emt 00:00:14]} hxg4+ {[%clk 00:50:39]}
{[%emt 00:00:16]} 47. Kxg4 {[%clk 00:14:47]} {[%emt 00:00:04]} Ke5 {[%clk
00:50:50]} {[%emt 00:00:18]} 48. f4+ {[%clk 00:14:02]} {[%emt 00:01:17]} Ke4
{[%clk 00:50:08]} {[%emt 00:01:12]} 49. f5 {[%clk 00:11:39]} {[%emt 00:02:53]}
gxf5 {[%clk 00:50:13]} {[%emt 00:00:24]} 50. Kh4 {[%clk 00:11:44]} {[%emt
00:00:12]} f4 {[%clk 00:50:00]} {[%emt 00:00:56]} 51. g6 {[%clk 00:12:06]}
{[%emt 00:00:08]} f3 {[%clk 00:50:19]} {[%emt 00:00:10]} 52. Kg3 {[%clk
00:12:23]} {[%emt 00:00:14]} Ke3 {[%clk 00:50:08]} {[%emt 00:00:42]} 53. g7
{[%clk 00:11:22]} {[%emt 00:01:30]} f2 {[%clk 00:50:18]} {[%emt 00:00:17]} 54.
g8=Q {[%clk 00:11:10]} {[%emt 00:00:44]} f1=Q {[%clk 00:50:18]} {[%emt
00:00:29]} 55. Qb3+ {[%clk 00:10:57]} {[%emt 00:00:40]} Qd3 {[%emt 00:01:52]}
56. Qe6+ {[%clk 00:09:39]} {[%emt 00:00:10]} Kd2+ {[%clk 00:50:50]} {[%emt
00:00:18]} 57. Kf4 {[%clk 00:09:21]} {[%emt 00:00:44]} Qf1+ {[%clk 00:51:08]}
{[%emt 00:00:15]} 58. Kg5 {[%clk 00:08:52]} {[%emt 00:00:34]} Qb5+ {[%clk
00:51:00]} {[%emt 00:01:02]} 59. Qf5 {[%clk 00:09:08]} {[%emt 00:00:16]} Qe2
{[%clk 00:51:01]} {[%emt 00:00:28]} 60. Qd5+ {[%clk 00:08:58]} {[%emt
00:00:39]} Ke1 {[%clk 00:50:59]} {[%emt 00:00:33]} 1/2-1/2

[Event "DEM U10w 2024"]
[Site "Willingen GER"]
[Date "2024.05.21"]
[Round "5"]
[White "Seitov, Adela"]
[Black "Rabus, Luise"]
[Result "0-1"]
[Termination "normal"]
[Board "10"]
[WhiteElo "923"]
[BlackElo "1090"]
[WhiteClock "01:16:17"]
[BlackClock "00:27:01"]
[PlyCount "80"]
[WhiteFideId "34675140"]
[BlackFideId "34636900"]
[EventCountry "GER"]
[EventRounds "11"]
[EventType "swiss"]
[EventDate "2024.05.18"]

1. e4 {[%clk 01:15:59]} c6 {[%clk 01:15:54]} {[%emt 00:00:06]} 2. Nf3 {[%clk
01:16:24]} {[%emt 00:00:06]} d5 {[%clk 01:16:16]} {[%emt 00:00:07]} 3. Nc3
{[%clk 01:16:38]} {[%emt 00:00:16]} Nf6 {[%clk 01:16:21]} {[%emt 00:00:25]} 4.
e5 {[%clk 01:16:36]} {[%emt 00:00:33]} Ng4 {[%clk 01:15:49]} {[%emt 00:01:01]}
5. h3 {[%clk 01:16:40]} {[%emt 00:00:26]} Nh6 {[%clk 01:08:17]} {[%emt
00:08:02]} 6. d4 {[%clk 01:16:47]} {[%emt 00:00:24]} g6 {[%clk 01:00:53]}
{[%emt 00:07:54]} 7. Bxh6 {[%clk 01:16:54]} {[%emt 00:00:23]} Bxh6 {[%clk
01:01:14]} {[%emt 00:00:08]} 8. g4 {[%clk 01:17:06]} {[%emt 00:00:18]} b6
{[%clk 01:00:43]} {[%emt 00:01:02]} 9. g5 {[%clk 01:17:24]} {[%emt 00:00:12]}
Bg7 {[%clk 01:00:45]} {[%emt 00:00:27]} 10. Bg2 {[%clk 01:17:02]} {[%emt
00:00:52]} c5 {[%clk 00:58:44]} {[%emt 00:02:32]} 11. dxc5 {[%clk 01:16:59]}
{[%emt 00:00:33]} bxc5 {[%clk 00:57:21]} {[%emt 00:01:53]} 12. b3 {[%clk
01:16:38]} {[%emt 00:00:51]} Bb7 {[%clk 00:56:51]} {[%emt 00:00:59]} 13. Qe2
{[%clk 01:15:40]} {[%emt 00:01:28]} Ba6 {[%clk 00:55:14]} {[%emt 00:02:08]} 14.
Qd2 {[%clk 01:15:33]} {[%emt 00:00:36]} Bb7 {[%clk 00:53:21]} {[%emt 00:02:23]}
15. Qf4 {[%clk 01:15:12]} {[%emt 00:00:51]} O-O {[%clk 00:45:04]} {[%emt
00:08:48]} 16. h4 {[%clk 01:14:25]} {[%emt 00:01:17]} d4 {[%clk 00:43:50]}
{[%emt 00:01:43]} 17. Ne2 {[%clk 01:14:24]} {[%emt 00:00:31]} Nc6 {[%clk
00:41:09]} {[%emt 00:03:11]} 18. c3 {[%clk 01:14:32]} {[%emt 00:00:23]} d3
{[%clk 00:34:37]} {[%emt 00:07:02]} 19. Rd1 {[%clk 01:14:36]} {[%emt 00:00:25]}
Qd7 {[%clk 00:33:23]} {[%emt 00:01:44]} 20. Bh3 {[%clk 01:14:47]} {[%emt
00:00:20]} e6 {[%clk 00:32:55]} {[%emt 00:00:58]} 21. O-O {[%clk 01:14:43]}
{[%emt 00:00:34]} Rad8 {[%clk 00:32:47]} {[%emt 00:00:37]} 22. Qe3 {[%clk
01:14:41]} {[%emt 00:00:31]} Ba6 {[%clk 00:32:19]} {[%emt 00:01:00]} 23. c4
{[%clk 01:15:00]} {[%emt 00:00:11]} Nb4 {[%clk 00:30:24]} {[%emt 00:02:24]} 24.
a3 {[%clk 01:15:19]} {[%emt 00:00:11]} Nc2 {[%clk 00:29:49]} {[%emt 00:01:05]}
25. Qd2 {[%clk 01:15:30]} {[%emt 00:00:20]} Nxa3 {[%clk 00:29:22]} {[%emt
00:00:57]} 26. Qc3 {[%clk 01:15:32]} {[%emt 00:00:27]} Bb7 {[%clk 00:27:57]}
{[%emt 00:01:55]} 27. Rxd3 {[%clk 01:15:38]} {[%emt 00:00:24]} Qxd3 {[%clk
00:27:46]} {[%emt 00:00:41]} 28. Qxd3 {[%clk 01:15:45]} {[%emt 00:00:22]} Rxd3
{[%clk 00:28:09]} {[%emt 00:00:08]} 29. Bg2 {[%clk 01:16:06]} {[%emt 00:00:09]}
Bxf3 {[%clk 00:28:32]} {[%emt 00:00:07]} 30. Bxf3 {[%clk 01:16:20]} {[%emt
00:00:17]} Rxf3 {[%clk 00:26:03]} {[%emt 00:02:59]} 31. Ra1 {[%clk 01:15:31]}
{[%emt 00:01:19]} Nc2 {[%clk 00:25:44]} {[%emt 00:00:48]} 32. Rxa7 {[%emt
00:00:10]} Rd8 {[%emt 00:00:13]} 33. Rc7 {[%clk 01:15:16]} {[%emt 00:00:22]}
Rd2 {[%clk 00:25:46]} {[%emt 00:00:28]} 34. Kf1 {[%clk 01:15:12]} {[%emt
00:00:35]} Nd4 {[%clk 00:25:45]} {[%emt 00:00:30]} 35. Rd7 {[%clk 01:15:16]}
{[%emt 00:00:26]} Rxe2 {[%clk 00:25:49]} {[%emt 00:00:26]} 36. Rd8+ {[%clk
01:15:14]} {[%emt 00:00:33]} Bf8 {[%clk 00:26:12]} {[%emt 00:00:07]} 37. Rc8
{[%clk 01:15:29]} {[%emt 00:00:14]} Rfxf2+ {[%clk 00:25:50]} {[%emt 00:00:52]}
38. Kg1 {[%clk 01:15:40]} {[%emt 00:00:19]} Nc2 {[%clk 00:26:14]} {[%emt
00:00:25]} 39. Rxc5 {[%clk 01:16:09]} {[%emt 00:00:33]} Bxc5 {[%clk 00:27:01]}
{[%emt 00:00:10]} 40. b4 {[%clk 01:16:17]} {[%emt 00:00:23]} Re1# {[%emt
00:00:11]} 0-1